GABIN, DELON ou LES DEUX - Statistiques

Statistiques générales
  • Ce quiz a été pris 39 fois
  • Le résultat moyen est 11 sur 15
Statistiques - réponses
Question Réponse % Correct
Plein soleil DELON
88%
Mélodie en sous-sol LES DEUX
88%
La belle équipe GABIN
83%
Le jour se lève GABIN
79%
Deux hommes dans la ville LES DEUX
79%
Le port du désir GABIN
75%
Des gens sans importance GABIN
75%
Mort d'un pourri DELON
71%
Le clan des siciliens LES DEUX
71%
Soleil rouge DELON
67%
Le cercle rouge DELON
67%
Le désordre et la nuit GABIN
67%
L'éclipse DELON
58%
Le soleil des voyous GABIN
58%
Le chemin des écoliers DELON
46%
Aucun quiz correspondant
Distribution des résultats
% des personnes avec chaque résultat
Percentile par nombre de réponses
Votre historique - résultats
Vous n’avez pas pris ce quiz